Building online learning communities : effective strategies for the virtual classroom (Record no. 12855)

000 -LEADER
fixed length control field 00392nam a22001337a 4500
020 ## - INTERNATIONAL STANDARD BOOK NUMBER
International Standard Book Number 9780787988258
082 ## - DEWEY DECIMAL CLASSIFICATION NUMBER
Classification number 378.175 PAL
100 ## - MAIN ENTRY--PERSONAL NAME
Personal name Palloff, Rena M
245 ## - TITLE STATEMENT
Title Building online learning communities : effective strategies for the virtual classroom
260 ## - PUBLICATION, DISTRIBUTION, ETC.
Place of publication, distribution, etc. New York
Name of publisher, distributor, etc. Jossey-Bass
Date of publication, distribution, etc. 2007
300 ## - PHYSICAL DESCRIPTION
Extent xxiii, 292p. :
Accompanying material 24 cm
650 ## - SUBJECT ADDED ENTRY--TOPICAL TERM
Topical term or geographic name entry element Computer-assisted instruction
942 ## - ADDED ENTRY ELEMENTS (KOHA)
Koha item type Book
Holdings
Withdrawn status Lost status Damaged status Not for loan Collection code Permanent Location Current Location Shelving location Date acquired Source of acquisition Cost, normal purchase price Total Checkouts Total Renewals Full call number Barcode Date last seen Date last checked out Price effective from Koha item type
          Central Library (CL) Central Library (CL) General Stacks 04/30/2014 Grace Books 3176.45 1 2 378.175 PAL SEECS013168 06/03/2021 11/03/2020 04/30/2014 Book
© 2023 Central Library, National University of Sciences and Technology. All Rights Reserved.